Online Catalogue and eLibrary

Women, ethnicity and nationalism : (Record no. 218)

MARC details
000 -LEADER
fixed length control field 00776cam a2200253 a 4500
001 - CONTROL NUMBER
control field 2614041
005 - DATE AND TIME OF LATEST TRANSACTION
control field 20240130001324.0
008 - FIXED-LENGTH DATA ELEMENTS--GENERAL INFORMATION
fixed length control field 980112s1998 enk b 001 0 eng
020 ## - INTERNATIONAL STANDARD BOOK NUMBER
ISBN 0415171369 (alk. paper)
020 ## - INTERNATIONAL STANDARD BOOK NUMBER
ISBN 0415171377 (pbk : alk. paper)
040 ## - CATALOGING SOURCE (பட்டியலாக்க மூலம்)
Original cataloging agency DLC
Transcribing agency DLC
Modifying agency DLC
082 00 - DDC Classification
Class No. 305.42
DDC Edition Number 21
Item Number - Author Mark WOM.
100 1# - MAIN ENTRY--PERSONAL NAME
Personal name Wilford, Rick,
245 10 - TITLE STATEMENT
Title Women, ethnicity and nationalism :
Remainder of title the politics of transition /
Statement of responsibility, etc. Rick Wilford and Robert L. Miller.
260 ## - PUBLICATION, DISTRIBUTION, ETC.
Place of publication, distribution, etc. London ;
-- New York :
Name of publisher, distributor, etc. Routledge,
Date of publication, distribution, etc. 1998.
300 ## - PHYSICAL DESCRIPTION
Extent (e.g. Volumes, Pages etc.) x, 212 p. ;
650 #0 - SUBJECT ADDED ENTRY--TOPICAL TERM
Topical term or geographic name entry element Women
650 #0 - SUBJECT ADDED ENTRY--TOPICAL TERM
Topical term or geographic name entry element Women
650 #0 - SUBJECT ADDED ENTRY--TOPICAL TERM
Topical term or geographic name entry element Ethnic relations.
650 #0 - SUBJECT ADDED ENTRY--TOPICAL TERM
Topical term or geographic name entry element Nationalism.
700 1# - ADDED ENTRY--PERSONAL NAME
Personal name Miller, Robert L.
Relator term (Role) Editor
856 42 - ELECTRONIC LOCATION AND ACCESS
Uniform Resource Identifier <a href="http://www.loc.gov/catdir/enhancements/fy0649/98009381-d.html">http://www.loc.gov/catdir/enhancements/fy0649/98009381-d.html</a>
942 ## - Koha item type (Biblio)
Koha item type Books in Stacks (Lending)
Holdings
Lost status Damaged status Collection code Home library Current library Date acquired Full call number Accession Number Item type
    Lending WERC Library WERC Library 01/30/2024 305.42 WOM. 2705 Books in Stacks (Lending)

© WERC Library